000 00695nam a2200205Ia 4500
003 GCL
008 140319s9999 xx 000 0 ara d
040 _aGCL /
_cGCL
082 0 4 _a327.11
_bص م
100 1 _aصالح بكتاش
245 1 0 _aالنزاع السنغالى الموريتانى بين الماذق العرقى والمخرج الوطنى الشعبى /
_cصالح بكتاش
260 _a[S.N] :
_bدار المسيرة للنشر والتوزيع والطباعة ،
_c1952
300 _a342 ص
490 _a
650 0 4 _aالعلاقات الدولية
650 0 4 _aافريقيا
650 0 4 _aالسنغال
650 0 4 _aموريتانيا
942 _2ddc
_cBK
999 _c42899
_d42899